[Event "Trieste op 25th"]
[Site "Trieste"]
[Date "2023.09.03"]
[Round "3"]
[White "Subelj, Jan"]
[Black "Aghayev, Miragha"]
[Result "0-1"]
[WhiteElo "2492"]
[BlackElo "2420"]
[PlyCount "120"]
[EventDate "2023.09.02"]
[EventType "swiss"]
[EventRounds "9"]
[EventCountry "ITA"]
[SourceTitle "EXT 2024"]
[Source "ChessBase"]
[SourceDate "2023.10.10"]
[SourceVersion "1"]
[SourceVersionDate "2023.10.10"]
[SourceQuality "1"]

1. Nf3 d5 2. g3 g6 3. Bg2 Bg7 4. 0-0 e5 5. d3 Ne7 6. e4 0-0 7. Nc3 d4 8. Ne2 c5 9. Bd2 Nbc6 10. Qc1 f6 11. Bh6 Be6 12. Bxg7 Kxg7 13. Nd2 b5 14. c4 dxc3 15. Qxc3 Nb4 16. Nc1 Qd4 17. Ndb3 Bxb3 18. Qxb3 Rfd8 19. Rd1 Nec6 20. Qc3 Qxc3 21. bxc3 Nc2 22. Rb1 b4 23. Ne2 Rd6 24. Rbc1 Na3 25. cxb4 cxb4 26. d4 Nxd4 27. Nxd4 Rxd4 28. Rc7+ Kh6 29. Rxd4 exd4 30. e5 Rd8 31. e6 d3 32. Rd7 Re8 33. e7 d2 34. Bf3 Nb5 35. Kf1 Nc3 36. Rxd2 Rxe7 37. Rc2 a5 38. a3 Nb5 39. axb4 Nd4 40. Rc3 axb4 41. Rd3 Nxf3 42. Rxf3 Rb7 43. Rb3 Kg5 44. Ke2 Kg4 45. h4 g5 46. hxg5 fxg5 47. Kd2 h5 48. Re3 b3 49. Kc1 b2+ 50. Kb1 Rb4 51. Re5 h4 52. gxh4 gxh4 53. Re8 Rb5 54. Rg8+ Kf3 55. Rh8 Rb4 56. Rf8+ Kg2 57. f4 h3 58. Rg8+ Kf2 59. Rh8 Kg3 60. f5 h2 0-1

[Event "Titled Tuesday intern op 18th Oct Late"]
[Site "Chess.com INT"]
[Date "2022.10.18"]
[Round "6"]
[White "Galaktionov, Artem"]
[Black "Aghayev, Miragha"]
[Result "1/2-1/2"]
[WhiteElo "2289"]
[BlackElo "2430"]
[PlyCount "108"]
[EventDate "2022.10.18"]
[EventType "swiss (blitz)"]
[EventRounds "11"]
[EventCountry "USA"]
[SourceTitle "EXT 2024"]
[Source "ChessBase"]
[SourceDate "2023.10.10"]
[SourceVersion "1"]
[SourceVersionDate "2023.10.10"]
[SourceQuality "1"]

1. d4 d5 2. Nf3 e6 3. c4 Nf6 4. Nc3 Be7 5. Bf4 0-0 6. e3 c5 7. dxc5 Bxc5 8. cxd5 exd5 9. Be2 Nc6 10. 0-0 a6 11. Rc1 Ba7 12. Na4 h6 13. Nc5 Bxc5 14. Rxc5 Be6 15. Qb3 Ne4 16. Rc2 Qe7 17. Qb6 g5 18. Bg3 Nxg3 19. hxg3 Rfc8 20. Rfc1 Qb4 21. Qc5 Qxc5 22. Rxc5 Nb4 23. a3 Rxc5 24. Rxc5 Nc6 25. Kf1 Kf8 26. Nd4 Nxd4 27. exd4 Rc8 28. Ke1 Ke7 29. Kd2 Kd6 30. b4 Rc6 31. f4 Bc8 32. Bf3 Rxc5 33. dxc5+ Kc6 34. Kc3 Be6 35. Kd4 f6 36. a4 Bf7 37. Be2 b5 38. cxb6 Kxb6 39. Bf3 Be8 40. Bd1 h5 41. Kxd5 Bc6+ 42. Ke6 gxf4 43. gxf4 h4 44. Kxf6 Bxg2 45. Bg4 h3 46. Bxh3 Bxh3 47. f5 Bg4 48. Kg6 Kc6 49. f6 Be6 50. f7 Bxf7+ 51. Kxf7 Kd5 52. Ke7 Kc4 53. b5 axb5 54. axb5 Kxb5 1/2-1/2

[Event "Titled Tuesday intern op 18th Oct Late"]
[Site "Chess.com INT"]
[Date "2022.10.18"]
[Round "5"]
[White "Storey, Charles"]
[Black "Aghayev, Miragha"]
[Result "0-1"]
[WhiteElo "2138"]
[BlackElo "2430"]
[PlyCount "82"]
[EventDate "2022.10.18"]
[EventType "swiss (blitz)"]
[EventRounds "11"]
[EventCountry "USA"]
[SourceTitle "EXT 2024"]
[Source "ChessBase"]
[SourceDate "2023.10.10"]
[SourceVersion "1"]
[SourceVersionDate "2023.10.10"]
[SourceQuality "1"]

1. c4 c6 2. Nf3 d5 3. e3 e6 4. d4 Bd6 5. Nc3 Nf6 6. Qc2 Nbd7 7. e4 dxe4 8. Nxe4 Nxe4 9. Qxe4 Nf6 10. Qc2 c5 11. dxc5 Bxc5 12. Be2 0-0 13. 0-0 b6 14. Ne5 Bb7 15. Bf3 Bxf3 16. Nxf3 Qc7 17. Bg5 Be7 18. Rac1 h6 19. Bxf6 Bxf6 20. b4 Rac8 21. c5 Qc6 22. Qc4 bxc5 23. b5 Qb6 24. a4 Rfd8 25. Rfd1 Rxd1+ 26. Rxd1 Rd8 27. Rxd8+ Qxd8 28. g3 Qd5 29. Qxd5 exd5 30. a5 Bd8 31. b6 Bxb6 32. axb6 axb6 33. Ne5 f6 34. Nd7 c4 35. Kf1 b5 36. Ke2 Kf7 37. Ke3 Ke6 38. Nc5+ Kd6 39. Kd4 b4 40. Na6 b3 41. Nb4 b2 0-1

[Event "Titled Tuesday intern op 11th Oct Late"]
[Site "Chess.com INT"]
[Date "2022.10.11"]
[Round "8"]
[White "Aghayev, Miragha"]
[Black "Bjelobrk, Igor"]
[Result "1-0"]
[WhiteElo "2430"]
[BlackElo "2405"]
[PlyCount "71"]
[EventDate "2022.10.11"]
[EventType "swiss (blitz)"]
[EventRounds "11"]
[EventCountry "USA"]
[SourceTitle "EXT 2024"]
[Source "ChessBase"]
[SourceDate "2023.10.10"]
[SourceVersion "1"]
[SourceVersionDate "2023.10.10"]
[SourceQuality "1"]

1. e4 e5 2. Nf3 Nc6 3. a3 Nf6 4. Nc3 d5 5. Bb5 Nxe4 6. Qe2 Qd6 7. Nxe4 dxe4 8. Qxe4 Bd7 9. d4 0-0-0 10. dxe5 Nxe5 11. Bxd7+ Nxd7 12. 0-0 Nf6 13. Qa4 Kb8 14. Be3 a6 15. c4 Qd7 16. Rfd1 Bd6 17. Qb3 Qe7 18. Nd4 Ka8 19. Nf5 Qe5 20. Nxd6 Rxd6 21. Rxd6 Qxd6 22. Rd1 Qe6 23. h3 Re8 24. Qc3 g6 25. b3 Ne4 26. Qd4 c5 27. Qd7 h5 28. Qxe6 Rxe6 29. Rd8+ Ka7 30. f3 Nc3 31. Bxc5+ b6 32. Rd7+ Kb8 33. Bb4 Ne2+ 34. Kf2 f5 35. Rd6 Rxd6 36. Bxd6+ 1-0

[Event "Titled Tuesday intern op 11th Oct Late"]
[Site "Chess.com INT"]
[Date "2022.10.11"]
[Round "6"]
[White "Aghayev, Miragha"]
[Black "De Souza, Cristiano Gomes"]
[Result "1-0"]
[WhiteElo "2430"]
[BlackElo "2018"]
[PlyCount "61"]
[EventDate "2022.10.11"]
[EventType "swiss (blitz)"]
[EventRounds "11"]
[EventCountry "USA"]
[SourceTitle "EXT 2024"]
[Source "ChessBase"]
[SourceDate "2023.10.10"]
[SourceVersion "1"]
[SourceVersionDate "2023.10.10"]
[SourceQuality "1"]

1. d4 Nf6 2. c4 g6 3. f3 Bg7 4. e4 d6 5. Be3 0-0 6. Nc3 Nc6 7. Qd2 e5 8. Nge2 a6 9. d5 Na5 10. Nc1 c5 11. a3 b6 12. b4 Nb7 13. Be2 Nh5 14. Nd3 f5 15. 0-0 f4 16. Bf2 g5 17. bxc5 Nxc5 18. Rab1 Bd7 19. Nxc5 bxc5 20. Rb7 Rb8 21. Rfb1 Rxb7 22. Rxb7 Qc8 23. Qb2 Nf6 24. Qb6 Ne8 25. Qxa6 h5 26. Qa7 Nf6 27. Nb5 g4 28. Nxd6 Qd8 29. Bh4 gxf3 30. Bxf3 Bg4 31. Rxg7+ 1-0

[Event "Titled Tuesday intern op 11th Oct Late"]
[Site "Chess.com INT"]
[Date "2022.10.11"]
[Round "5"]
[White "Aghayev, Miragha"]
[Black "Taboas Rodriguez, Daniel"]
[Result "0-1"]
[WhiteElo "2430"]
[BlackElo "2359"]
[PlyCount "178"]
[EventDate "2022.10.11"]
[EventType "swiss (blitz)"]
[EventRounds "11"]
[EventCountry "USA"]
[SourceTitle "EXT 2024"]
[Source "ChessBase"]
[SourceDate "2023.10.10"]
[SourceVersion "1"]
[SourceVersionDate "2023.10.10"]
[SourceQuality "1"]

1. Nf3 Nf6 2. b3 g6 3. Bb2 Bg7 4. g3 b6 5. Bg2 Bb7 6. 0-0 0-0 7. c4 c5 8. e3 d5 9. cxd5 Qxd5 10. Nc3 Qh5 11. d4 Rd8 12. Ne5 Bxg2 13. Kxg2 cxd4 14. exd4 Qf5 15. Qf3 Qxf3+ 16. Kxf3 Nbd7 17. Nc6 Re8 18. Rfe1 e6 19. Nb5 Nd5 20. Nd6 Rf8 21. Rac1 N7f6 22. h3 a5 23. Ba3 a4 24. Nb5 Rfc8 25. Rc4 axb3 26. axb3 Bf8 27. Bxf8 Kxf8 28. Nca7 Rxc4 29. bxc4 Nc7 30. Rb1 Nxb5 31. Nxb5 Ra4 32. Nd6 Nd7 33. Ke3 Ke7 34. Nc8+ Kd8 35. Nxb6 Nxb6 36. Rxb6 Rxc4 37. Rb7 Ke8 38. g4 Rc1 39. Rb8+ Ke7 40. Rh8 Rc3+ 41. Kf4 Rxh3 42. f3 Kf6 43. g5+ Kg7 44. Ra8 Rh4+ 45. Ke3 Rh5 46. Kf4 h6 47. gxh6+ Rxh6 48. Rd8 Rh4+ 49. Ke3 Kf6 50. Ra8 Rh5 51. Ra1 Rd5 52. Ra6 Kf5 53. Ra7 f6 54. Ra1 g5 55. Ra8 Rb5 56. Ra3 Rb4 57. Ra5+ Kg6 58. Ra6 Rb3+ 59. Kf2 Kf5 60. Ra5+ Kg6 61. Ra6 Rb2+ 62. Ke3 Rb1 63. Ke2 Rb4 64. Ke3 Rb1 65. Ke2 Kf5 66. Ke3 Rb3+ 67. Ke2 Kf4 68. Rxe6 Rb2+ 69. Kd3 f5 70. Rf6 Rb3+ 71. Ke2 Re3+ 72. Kd2 Rxf3 73. d5 Ra3 74. d6 Ra7 75. Rg6 Rd7 76. Ke2 g4 77. Kf2 Ke5 78. Kg3 Rxd6 79. Rg8 Rd3+ 80. Kg2 Kf4 81. Ra8 Rd2+ 82. Kg1 Kg5 83. Rg8+ Kh4 84. Ra8 f4 85. Kf1 f3 86. Ra1 Kg3 87. Kg1 Rg2+ 88. Kh1 Rh2+ 89. Kg1 f2+ 0-1

[Event "Titled Tuesday intern op 11th Oct Late"]
[Site "Chess.com INT"]
[Date "2022.10.11"]
[Round "1"]
[White "Aghayev, Miragha"]
[Black "Vovk, Orest"]
[Result "1-0"]
[WhiteElo "2430"]
[BlackElo "2315"]
[PlyCount "33"]
[EventDate "2022.10.11"]
[EventType "swiss (blitz)"]
[EventRounds "11"]
[EventCountry "USA"]
[SourceTitle "EXT 2024"]
[Source "ChessBase"]
[SourceDate "2023.10.10"]
[SourceVersion "1"]
[SourceVersionDate "2023.10.10"]
[SourceQuality "1"]

1. c4 g5 2. d4 h6 3. Nc3 Bg7 4. h4 c5 5. dxc5 Bxc3+ 6. bxc3 Qa5 7. Qd4 Nf6 8. hxg5 Nc6 9. Qe3 Ng4 10. Qg3 Nge5 11. gxh6 Qxc5 12. Qg7 Ng6 13. h7 Rf8 14. h8Q Qxc4 15. Qhxf8+ Nxf8 16. Rh8 Qxc3+ 17. Qxc3 1-0

[Event "Titled Tuesday intern op 11th Oct Late"]
[Site "Chess.com INT"]
[Date "2022.10.11"]
[Round "9"]
[White "Domingo Nunez, Ruben"]
[Black "Aghayev, Miragha"]
[Result "1-0"]
[WhiteElo "2383"]
[BlackElo "2430"]
[PlyCount "49"]
[EventDate "2022.10.11"]
[EventType "swiss (blitz)"]
[EventRounds "11"]
[EventCountry "USA"]
[SourceTitle "EXT 2024"]
[Source "ChessBase"]
[SourceDate "2023.10.10"]
[SourceVersion "1"]
[SourceVersionDate "2023.10.10"]
[SourceQuality "1"]

1. d4 g6 2. h4 Nf6 3. Nc3 d5 4. Bf4 c5 5. e3 Nc6 6. Nb5 e5 7. dxe5 Nh5 8. Qxd5 Nxf4 9. Qxd8+ Kxd8 10. exf4 Bf5 11. 0-0-0+ Kc8 12. Bc4 a6 13. Nc3 Be6 14. Bxe6+ fxe6 15. Nf3 Bh6 16. g3 Kc7 17. Rd6 Nxe5 18. Nxe5 Kxd6 19. Nf7+ Ke7 20. Nxh6 b6 21. Re1 Rhd8 22. Ng4 b5 23. Ne5 Kf6 24. Ne4+ Kg7 25. Nxc5 1-0

[Event "Titled Tuesday intern op 04th Oct Late"]
[Site "Chess.com INT"]
[Date "2022.10.04"]
[Round "5"]
[White "Aghayev, Miragha"]
[Black "Krishnan, Varun"]
[Result "1-0"]
[WhiteElo "2430"]
[BlackElo "2373"]
[PlyCount "119"]
[EventDate "2022.10.04"]
[EventType "swiss (blitz)"]
[EventRounds "11"]
[EventCountry "USA"]
[SourceTitle "EXT 2023"]
[Source "ChessBase"]
[SourceDate "2022.10.05"]
[SourceVersion "1"]
[SourceVersionDate "2022.10.05"]
[SourceQuality "1"]

1. Nf3 d5 2. g3 g6 3. Bg2 Bg7 4. 0-0 e5 5. c4 c6 6. cxd5 cxd5 7. d4 e4 8. Ne5 Ne7 9. Nc3 0-0 10. f3 exf3 11. Nxf3 Nbc6 12. Bg5 Be6 13. Qd2 Re8 14. Rae1 Qb6 15. e3 Nf5 16. g4 Nd6 17. Ne5 Nxe5 18. dxe5 Nc4 19. Qd4 Bxe5 20. Qxb6 Nxb6 21. h3 Bxc3 22. bxc3 Rac8 23. Bf6 Nd7 24. Bd4 Nc5 25. Rb1 b6 26. Rb4 Ne4 27. Bxe4 dxe4 28. a4 Rc4 29. Ra1 Rec8 30. a5 Rxb4 31. cxb4 h5 32. axb6 axb6 33. gxh5 gxh5 34. h4 b5 35. Kf2 Kh7 36. Rg1 Bg4 37. Kg3 Kg6 38. Ra1 Rd8 39. Ra5 Rd5 40. Ra6+ Be6 41. Kf4 Rf5+ 42. Kxe4 Rf1 43. Rb6 Rh1 44. Rxb5 Rxh4+ 45. Ke5 Rg4 46. Kd6 h4 47. Rb8 h3 48. Rh8 Rg2 49. b5 Rg1 50. b6 Rb1 51. Kc7 Kg5 52. b7 Kg4 53. b8Q Rxb8 54. Kxb8 Kf3 55. Kc7 Kg2 56. Be5 Kf2 57. Bf4 Kf3 58. Kd6 Ke4 59. Ke7 Bd5 60. Rxh3 1-0

[Event "Titled Tuesday intern op 04th Oct Late"]
[Site "Chess.com INT"]
[Date "2022.10.04"]
[Round "3"]
[White "Aghayev, Miragha"]
[Black "Nepomniachtchi, Ian"]
[Result "0-1"]
[WhiteElo "2430"]
[BlackElo "2793"]
[PlyCount "92"]
[EventDate "2022.10.04"]
[EventType "swiss (blitz)"]
[EventRounds "11"]
[EventCountry "USA"]
[SourceTitle "EXT 2023"]
[Source "ChessBase"]
[SourceDate "2022.10.05"]
[SourceVersion "1"]
[SourceVersionDate "2022.10.05"]
[SourceQuality "1"]

1. e4 c5 2. Nf3 e6 3. d4 cxd4 4. Nxd4 Nc6 5. Nc3 a6 6. Be2 Qc7 7. 0-0 Nf6 8. Be3 Bb4 9. Na4 Rb8 10. Nxc6 bxc6 11. Qd4 Bd6 12. f4 Rb4 13. c4 Rxa4 14. e5 Be7 15. exf6 Bxf6 16. Qd2 c5 17. a3 d5 18. b3 Ra5 19. Ra2 0-0 20. cxd5 exd5 21. Qd1 c4 22. b4 Rb5 23. Bd4 Bxd4+ 24. Qxd4 Qb6 25. Rd1 Qxd4+ 26. Rxd4 Be6 27. Bf3 a5 28. Rad2 axb4 29. axb4 Rxb4 30. Bxd5 c3 31. Rxb4 cxd2 32. Bf3 Rd8 33. Rb1 Ba2 34. Ra1 Bb3 35. Bd1 Bc4 36. Kf2 g6 37. Be2 Kg7 38. g3 h5 39. Bd1 Re8 40. Bf3 Bb3 41. Rb1 Bc2 42. Ra1 Re7 43. h3 Rc7 44. Bd1 Bf5 45. Ke3 Rc3+ 46. Kf2 Rc1 0-1

[Event "TUR-chT 1st League"]
[Site "Konya"]
[Date "2022.08.26"]
[Round "7.3"]
[White "Aghayev, Miragha"]
[Black "Atabayev, Saparmyrat"]
[Result "1-0"]
[WhiteElo "2407"]
[BlackElo "2430"]
[PlyCount "93"]
[EventDate "2022.08.22"]
[EventType "team-swiss"]
[EventRounds "9"]
[EventCountry "TUR"]
[SourceTitle "CBM 209 Extra"]
[Source "ChessBase"]
[SourceDate "2022.09.30"]
[SourceVersion "1"]
[SourceVersionDate "2022.09.30"]
[SourceQuality "1"]
[WhiteTeam "Beyazkale Dernegi"]
[BlackTeam "Ankara Dernegi"]
[WhiteTeamCountry "TUR"]
[BlackTeamCountry "TUR"]

1. e4 e5 2. Nf3 Nc6 3. Bc4 Nf6 4. d3 Be7 5. 0-0 d6 6. a4 Be6 7. Na3 0-0 8. Re1 h6 9. c3 d5 10. exd5 Nxd5 11. Nxe5 Nxe5 12. Rxe5 Bd6 13. Re1 Qh4 14. g3 Qh3 15. Qf3 c6 16. Re4 Rae8 17. Bd2 Qf5 18. Qxf5 Bxf5 19. Rxe8 Rxe8 20. d4 a5 21. Bf1 Bc7 22. Re1 Rd8 23. Rc1 Nb6 24. b3 Bd6 25. Nc4 Nxc4 26. Bxc4 Kf8 27. f3 Rb8 28. Ra1 Bc7 29. Kf2 b5 30. axb5 cxb5 31. Bd5 Bb6 32. Be3 Rd8 33. Bc6 b4 34. d5 Bxe3+ 35. Kxe3 bxc3 36. Rxa5 Rb8 37. d6 Be6 38. b4 Bc4 39. Rc5 Rxb4 40. Bd5 Ba6 41. Rxc3 Ke8 42. Rc7 Rb6 43. Bc6+ Kd8 44. Kd4 Rb4+ 45. Kc5 Rc4+ 46. Kb6 Rd4 47. Rd7+ 1-0

[Event "TUR-chT 1st League"]
[Site "Konya"]
[Date "2022.08.23"]
[Round "2.3"]
[White "Aghayev, Miragha"]
[Black "Babazada, Khazar Araz"]
[Result "1-0"]
[WhiteElo "2407"]
[BlackElo "2457"]
[PlyCount "83"]
[EventDate "2022.08.22"]
[EventType "team-swiss"]
[EventRounds "9"]
[EventCountry "TUR"]
[SourceTitle "CBM 209 Extra"]
[Source "ChessBase"]
[SourceDate "2022.09.30"]
[SourceVersion "1"]
[SourceVersionDate "2022.09.30"]
[SourceQuality "1"]
[WhiteTeam "Beyazkale Dernegi"]
[BlackTeam "Karaman Saglik"]
[WhiteTeamCountry "TUR"]
[BlackTeamCountry "TUR"]

1. d4 d5 2. c4 c6 3. Nc3 Nf6 4. Nf3 dxc4 5. a4 Bf5 6. Nh4 Bd7 7. e4 e6 8. g3 c5 9. d5 exd5 10. exd5 Bd6 11. Qe2+ Qe7 12. Qxe7+ Kxe7 13. Bxc4 Re8 14. 0-0 Kf8 15. Kg2 Na6 16. h3 Nb4 17. Bg5 Ne4 18. Nxe4 Rxe4 19. b3 Rae8 20. Nf3 h6 21. Bd2 a6 22. Bxb4 cxb4 23. Bd3 R4e7 24. Rac1 Rc8 25. Rxc8+ Bxc8 26. Rc1 Rc7 27. Rxc7 Bxc7 28. Nd4 Ke7 29. Bf5 Bxf5 30. Nxf5+ Kf6 31. d6 Bd8 32. g4 g6 33. Nxh6 Kg7 34. g5 Bxg5 35. Ng4 Bd8 36. f4 f6 37. Ne3 Kf7 38. f5 gxf5 39. h4 f4 40. Nd5 Kg6 41. Nxf4+ Kf5 42. h5 1-0

[Event "ITA-chTA 53rd"]
[Site "Montesilvano"]
[Date "2022.04.20"]
[Round "3.3"]
[White "De Eccher, Stefano"]
[Black "Aghayev, Miragha"]
[Result "0-1"]
[WhiteElo "2198"]
[BlackElo "2398"]
[PlyCount "127"]
[EventDate "2022.04.19"]
[EventType "team-tourn"]
[EventRounds "7"]
[EventCountry "ITA"]
[SourceTitle "CBM 207 Extra"]
[Source "ChessBase"]
[SourceDate "2022.05.31"]
[SourceVersion "1"]
[SourceVersionDate "2022.05.31"]
[SourceQuality "1"]
[WhiteTeam "Canal Cib Unigas"]
[BlackTeam "Rome Arrocco"]
[WhiteTeamCountry "ITA"]
[BlackTeamCountry "ITA"]

1. e4 e5 2. Nf3 Nc6 3. Bc4 Bc5 4. d3 Nf6 5. Nc3 h6 6. 0-0 a6 7. Be3 d6 8. h3 0-0 9. d4 exd4 10. Nxd4 Ne5 11. Bb3 Re8 12. Re1 Bd7 13. f4 Ng6 14. Qd3 Nh5 15. Rf1 Qh4 16. Bf2 Qd8 17. Be3 Qh4 18. Bf2 Qe7 19. Nd5 Qd8 20. Qf3 Nf6 21. Rae1 Nxd5 22. Bxd5 c6 23. Bb3 Qf6 24. f5 Ne5 25. Qh5 Qg5 26. Qxg5 hxg5 27. Nf3 Nxf3+ 28. gxf3 Bxf2+ 29. Kxf2 Kf8 30. h4 gxh4 31. Rh1 Ke7 32. Rxh4 Rh8 33. Reh1 Rxh4 34. Rxh4 Kf6 35. Ke3 a5 36. a4 Re8 37. Kf4 d5 38. Rh2 dxe4 39. fxe4 c5 40. Rd2 Bc6 41. Rd6+ Ke7 42. e5 Rh8 43. f6+ gxf6 44. Rxf6 c4 45. Ba2 Rh2 46. Ke3 Rxc2 47. Kd4 Rxb2 48. Bxc4 Be8 49. Kc5 Rc2 50. Kd4 Rc1 51. Bd5 Ra1 52. Rb6 Rxa4+ 53. Kc5 Bc6 54. Bxc6 bxc6 55. Rxc6 Ra1 56. Ra6 a4 57. Kd5 a3 58. Ra7+ Kf8 59. Kc4 a2 60. Kb3 Re1 61. Rxa2 Rxe5 62. Kc4 Kg7 63. Kd4 Re1 64. Rf2 0-1

[Event "Rome Lazio op 15th"]
[Site "Rome"]
[Date "2022.01.06"]
[Round "6"]
[White "Aghayev, Miragha"]
[Black "Petrov, Marian"]
[Result "0-1"]
[WhiteElo "2401"]
[BlackElo "2461"]
[PlyCount "84"]
[EventDate "2022.01.02"]
[EventType "swiss"]
[EventRounds "7"]
[EventCountry "ITA"]
[SourceTitle "EXT 2023"]
[Source "ChessBase"]
[SourceDate "2022.10.05"]
[SourceVersion "1"]
[SourceVersionDate "2022.10.05"]
[SourceQuality "1"]

1. e4 c5 2. Nf3 Nc6 3. Nc3 g6 4. d4 cxd4 5. Nxd4 Bg7 6. Be3 d6 7. Qd2 Nf6 8. f3 0-0 9. 0-0-0 Nxd4 10. Bxd4 Be6 11. Kb1 Qc7 12. h4 h5 13. Bd3 Rfc8 14. Rhe1 Qa5 15. a3 Rab8 16. Nd5 Qxd2 17. Rxd2 Bxd5 18. exd5 Nxd5 19. Bxg7 Kxg7 20. c4 Nf4 21. Rxe7 Nxd3 22. Rxd3 Rxc4 23. Rxd6 Rxh4 24. Rdd7 Rf8 25. Rxb7 Rh2 26. Re2 h4 27. Rc2 Re8 28. Rcc7 Rf8 29. Rc2 a6 30. Ra7 Kh6 31. Rxa6 Re8 32. Rac6 Re1+ 33. Ka2 Rg1 34. a4 Rgxg2 35. Rxg2 Rxg2 36. a5 h3 37. Rc1 Kg5 38. Rc8 Kf4 39. Rh8 h2 40. a6 Rg5 41. a7 Ra5+ 42. Kb3 Kg3 0-1

[Event "Titled Tuesday intern op 27th Apr"]
[Site "Chess.com INT"]
[Date "2021.04.27"]
[Round "2"]
[White "Aghayev, Miragha"]
[Black "Le Goff, Ronan"]
[Result "1-0"]
[WhiteElo "2392"]
[BlackElo "2288"]
[PlyCount "125"]
[EventDate "2021.04.27"]
[EventType "swiss (blitz)"]
[EventRounds "11"]
[EventCountry "USA"]
[SourceTitle "CBM 202 Extra"]
[Source "ChessBase"]
[SourceDate "2021.07.31"]
[SourceVersion "1"]
[SourceVersionDate "2021.07.31"]
[SourceQuality "1"]

1. e4 e5 2. Nf3 Nc6 3. Nc3 Nf6 4. Bb5 Bb4 5. 0-0 0-0 6. d3 Bxc3 7. bxc3 d6 8. Re1 Qe7 9. h3 Nd8 10. d4 a6 11. Bd3 c5 12. a4 a5 13. Nd2 Ne6 14. d5 Nf4 15. Bf1 Nd7 16. Nc4 Ng6 17. Bd3 b6 18. Rb1 Rb8 19. Nxa5 bxa5 20. Rb3 Rxb3 21. cxb3 Nf4 22. Bf1 Qh4 23. Qf3 f5 24. exf5 Rxf5 25. Qg3 Qxg3 26. fxg3 Ng6 27. Bd2 Bb7 28. c4 Rf8 29. Bxa5 Rc8 30. Bd3 Ne7 31. Bd2 Ba6 32. g4 g6 33. Bc2 Rb8 34. Bh6 Kf7 35. Rf1+ Ke8 36. Rf3 Ng8 37. Bd2 Ndf6 38. g5 Nd7 39. g4 Ke7 40. h4 Rf8 41. Rxf8 Kxf8 42. Bd3 Ke7 43. h5 Kf7 44. Kf2 Ne7 45. Ke3 Nc8 46. Bc3 Ne7 47. Be4 Nf8 48. Kd2 Nd7 49. Ba5 Nc8 50. Bc7 Nf8 51. Kc3 Ke8 52. Ba5 Kd7 53. Kd2 Ne7 54. Ke3 Bc8 55. Bd2 Ke8 56. Kd3 Bxg4 57. a5 Bc8 58. h6 Kd7 59. Be3 Kc7 60. Bd2 Kb7 61. b4 cxb4 62. Bxb4 Ka6 63. Bxd6 1-0

[Event "Titled Tuesday intern op 27th Apr"]
[Site "Chess.com INT"]
[Date "2021.04.27"]
[Round "9"]
[White "Aghayev, Miragha"]
[Black "Oliveira, Silvio Eduardo"]
[Result "1-0"]
[WhiteElo "2392"]
[BlackElo "2321"]
[PlyCount "117"]
[EventDate "2021.04.27"]
[EventType "swiss (blitz)"]
[EventRounds "11"]
[EventCountry "USA"]
[SourceTitle "CBM 202 Extra"]
[Source "ChessBase"]
[SourceDate "2021.07.31"]
[SourceVersion "1"]
[SourceVersionDate "2021.07.31"]
[SourceQuality "1"]

1. e4 e5 2. Nc3 Nf6 3. Nf3 Nc6 4. d4 exd4 5. Nxd4 Bb4 6. Nxc6 bxc6 7. Bd3 d5 8. exd5 0-0 9. 0-0 Bg4 10. f3 Bh5 11. dxc6 Qd4+ 12. Kh1 Bxc3 13. bxc3 Qxc3 14. Bg5 Qxc6 15. Qd2 Bg6 16. Qa5 Bxd3 17. cxd3 Qd5 18. Qxd5 Nxd5 19. Rfc1 f6 20. Bh4 Rf7 21. Rc5 Rd7 22. h3 Nf4 23. Bg3 Nxd3 24. Rxc7 Rxc7 25. Bxc7 Rc8 26. Bg3 Rc2 27. Rd1 Rc1 28. Rxc1 Nxc1 29. a3 Kf7 30. Bb8 a6 31. Kg1 Ke6 32. Kf2 Kd5 33. Ke3 Kc4 34. Ke4 Nd3 35. Bd6 g6 36. h4 f5+ 37. Ke3 a5 38. g4 fxg4 39. fxg4 h5 40. gxh5 gxh5 41. Ke4 Nf2+ 42. Kf4 Kd5 43. Bc7 Ke6 44. Kg5 Ne4+ 45. Kxh5 a4 46. Kg4 Nf6+ 47. Kg5 Ne4+ 48. Kg6 Nf6 49. Bb8 Ng8 50. h5 Ne7+ 51. Kg5 Kf7 52. h6 Ng6 53. Kf5 Ne7+ 54. Kg5 Ng6 55. Bd6 Nh8 56. Kf5 Kg8 57. Ke6 Nf7 58. Bf4 Kh7 59. Kxf7 1-0

[Event "Titled Tuesday intern op 27th Apr"]
[Site "Chess.com INT"]
[Date "2021.04.27"]
[Round "11"]
[White "Indjic, Aleksandar"]
[Black "Aghayev, Miragha"]
[Result "1-0"]
[WhiteElo "2607"]
[BlackElo "2392"]
[PlyCount "103"]
[EventDate "2021.04.27"]
[EventType "swiss (blitz)"]
[EventRounds "11"]
[EventCountry "USA"]
[SourceTitle "CBM 202 Extra"]
[Source "ChessBase"]
[SourceDate "2021.07.31"]
[SourceVersion "1"]
[SourceVersionDate "2021.07.31"]
[SourceQuality "1"]

1. d4 d5 2. c4 e6 3. Nf3 Nf6 4. Nc3 Be7 5. Bf4 0-0 6. e3 c5 7. dxc5 Bxc5 8. cxd5 exd5 9. Bd3 Nc6 10. 0-0 a6 11. Rc1 Ba7 12. Bb1 h6 13. h3 d4 14. exd4 Nxd4 15. Nxd4 Qxd4 16. Qf3 Qb4 17. Be5 Bd4 18. a3 Qb6 19. Bxd4 Qxd4 20. Rfd1 Qb6 21. b4 Be6 22. Na4 Qb5 23. Nc5 Rad8 24. Nxe6 fxe6 25. Qe3 e5 26. Bd3 Qe8 27. Bc4+ Kh8 28. Rxd8 Qxd8 29. Qxe5 Qd2 30. Qc3 Qd6 31. Qe3 b5 32. Bb3 Re8 33. Qf3 Qd2 34. Rd1 Re1+ 35. Rxe1 Qxe1+ 36. Kh2 Qe5+ 37. g3 Qb2 38. Be6 h5 39. Kg2 Qd4 40. Bc8 Qd6 41. Qa8 Kh7 42. Bxa6 Nd5 43. Bxb5 Nc3 44. Bf1 Qd4 45. Qf3 g6 46. Bd3 Kg7 47. h4 Na2 48. Qe4 Qd6 49. Qxg6+ Qxg6 50. Bxg6 Kxg6 51. b5 Nc3 52. b6 1-0

[Event "Titled Tuesday intern op 27th Apr"]
[Site "Chess.com INT"]
[Date "2021.04.27"]
[Round "4"]
[White "Svane, Rasmus"]
[Black "Aghayev, Miragha"]
[Result "0-1"]
[WhiteElo "2613"]
[BlackElo "2392"]
[PlyCount "66"]
[EventDate "2021.04.27"]
[EventType "swiss (blitz)"]
[EventRounds "11"]
[EventCountry "USA"]
[SourceTitle "CBM 202 Extra"]
[Source "ChessBase"]
[SourceDate "2021.07.31"]
[SourceVersion "1"]
[SourceVersionDate "2021.07.31"]
[SourceQuality "1"]

1. Nf3 Nf6 2. g3 g6 3. Bg2 Bg7 4. 0-0 0-0 5. d4 d5 6. c4 c6 7. Qb3 dxc4 8. Qxc4 Bf5 9. Nc3 Nbd7 10. Re1 Ne4 11. Qb3 Qb6 12. Nh4 Nxc3 13. bxc3 Be6 14. Qc2 Bc4 15. Nf3 e5 16. Rb1 Qa6 17. a4 Rfe8 18. Bf1 Qa5 19. Rxb7 Nb6 20. Nxe5 Bxe5 21. dxe5 Qxa4 22. Qxa4 Nxa4 23. Rb4 Bb5 24. Bd2 Rxe5 25. Ra1 Nb6 26. f4 Re7 27. e4 a5 28. Rd4 Bxf1 29. Kxf1 c5 30. Rd6 Nc4 31. Rd5 Rxe4 32. Be1 Ne3+ 33. Kf2 Nxd5 0-1